00928nam a22002657a 45000010005000000030006000050050017000110080041000280200015000690400029000840500015001130820011001281000039001392450077001782500034002552600035002893000044003245050007003685200162003755210019005375210018005566500029005746500026006037000033006294678FISKH20250801104358.0240920b cb ||||| |||| 00| 0 eng d a0439456142 aFISKHbengcFISKHdFISKH aSB363.B785 2583.73 aBulla, Robert Clyded(1914–2007) aA tree is a plant /cby Clyde Robert Bulla illustrated by Stacey Schuett aFirst printing school in 2002 aNew York :bScholastic,c2002. a35 pages :bColor illustrations ;c21cm aG  aDid you know that a tree is the biggest plant that grows? How does it get the food it needs? Read and find out about a tree's life cycle through the seasons.8 a420L bLexile 8 aG bRaz-Plus  2PlantsaSciencevSeasons 2NatureaTreesvApples aSchuett, StaceydIllustrator